00301nam a2200109Ia 4500082001200000100001200012245006300024260002800087300000800115650004900123710001900172 aTA.0040 aArunima 0aAggression among children: a socio-psychological appraisal c1988bPanjab University a240 aAggressiveness in childrenvChild psychology aJitendra Mohan